La artesanía en Sinaloa / (Record no. 187473)
[ view plain ]
| 000 -LEADER | |
|---|---|
| campo de control de longitud fija | 01054nam a2200229 i 4500 |
| 001 - NÚMERO DE CONTROL | |
| campo de control | 187473 |
| 003 - IDENTIFICADOR DE NÚMERO DE CONTROL | |
| campo de control | ES-MaACL |
| 005 - FECHA Y HORA DE LA ÚLTIMA TRANSACCIÓN | |
| campo de control | 20230906222933.0 |
| 008 - DATOS DE LONGITUD FIJA--INFORMACIÓN GENERAL | |
| campo de control de longitud fija | 170707q1980 mx abo |||| | spa d |
| 080 ## - NÚMERO DE LA CLASIFICACIÓN DECIMAL UNIVERSAL | |
| Número de la Clasificación Decimal Universal | 745/749(72) |
| 245 03 - MENCIÓN DEL TÍTULO | |
| Título | La artesanía en Sinaloa / |
| Mención de responsabilidad, etc. | [estudio preliminar, Porfirio Martínez Peñalosa [i.e. Peñaloza] ; estudio socioeconómico, inventario de artes y artesanías... del Gobierno del Estado de Sinaloa ; director de investigación, Juan Manuel Gómez ; dibujos, Alberto Beltrán]. |
| 260 ## - PUBLICACIÓN, DISTRIBUCIÓN, ETC. | |
| Lugar de publicación, distribución, etc. | [Sinaloa (México)] : |
| Nombre del editor, distribuidor, etc. | Gobierno del Estado de Sinaloa, Dirección de Investigación y Fomento de Cultura Regional, |
| Fecha de publicación, distribución, etc. | [1980] |
| 300 ## - DESCRIPCIÓN FÍSICA | |
| Extensión | 88 p. : |
| Otras características físicas | il. col. y n., 1 mapa, fot. ; |
| Dimensiones | 21 x 28 cm. |
| 490 1# - MENCIÓN DE SERIE | |
| Mención de serie | Rescate y divulgación |
| 650 #4 - PUNTO DE ACCESO ADICIONAL DE MATERIA--TÉRMINO DE MATERIA | |
| Término de materia o nombre geográfico como elemento de entrada | Artesanía- |
| Subdivisión geográfica | Sinaloa (Estado) |
| 9 (RLIN) | 163397 |
| 650 #4 - PUNTO DE ACCESO ADICIONAL DE MATERIA--TÉRMINO DE MATERIA | |
| Término de materia o nombre geográfico como elemento de entrada | Artesanía- |
| Subdivisión geográfica | México. |
| 9 (RLIN) | 172096 |
| 700 1# - ENTRADA AGREGADA--NOMBRE PERSONAL | |
| Nombre de persona | Martínez Peñaloza, Porfirio. |
| 9 (RLIN) | 163398 |
| 700 1# - ENTRADA AGREGADA--NOMBRE PERSONAL | |
| Nombre de persona | Beltrán, Alberto. |
| 9 (RLIN) | 27331 |
| 830 1# - PUNTO DE ACCESO ADICIONAL DE SERIE-TÍTULO UNIFORME | |
| Título uniforme | Rescate y divulgación |
| 9 (RLIN) | 225565 |
| 852 ## - LOCALIZACIÓN | |
| Ubicación | ES-MaACL |
| Número de control de estantería | L-31798 |
| Estatus retirado | Estado de pérdida | Estado de daño | No para préstamo | Biblioteca de origen | Biblioteca actual | Ubicación en estantería | Fecha de adquisición | Fuente de adquisición | Total de préstamos | Signatura topográfica completa | Código de barras | Visto por última vez | Precio de reemplazo | Tipo de ítem Koha |
|---|---|---|---|---|---|---|---|---|---|---|---|---|---|---|
| Biblioteca del Ateneo de Madrid | Biblioteca del Ateneo de Madrid | Depósito 2 | 07/07/2017 | L-31798 | 1197913 | 23/02/2023 | 23/02/2023 | Libro impreso |
